Word Scramble Geography by Letter - N - Statistics

General Stats
  • This quiz has been taken 373 times
  • The average score is 7 of 10
Answer Stats
Answer % Correct
Nepal
100%
Nile
97%
Nauru
95%
Nevada
93%
Niger
93%
Nuuk
92%
New Zealand
91%
North
87%
Norway
84%
New Delhi
83%
Namibia
82%
Nigeria
82%
New Mexico
81%
Nicaragua
80%
Naples
78%
Newfoundland
78%
Nebraska
77%
Nairobi
73%
N’Djamena
73%
New Jersey
73%
North Dakota
73%
Nagasaki
70%
Nassau
69%
Netherlands
68%
New Hampshire
68%
New York
68%
Niamey
67%
North Carolina
67%
Nunavut
66%
Normandy
63%
Nouakchott
63%
Naypyidaw
61%
Ngerulmud
61%
Nicosia
61%
Nuku’alofa
60%
Nagoya
58%
Nashville
56%
Newcastle
56%
Nizhny Novgorod
54%
North Macedonia
47%
Nagpur
45%
Nanning
43%
Nur-Sultan
38%
No matching quizzes found
Score Distribution
Percent of People with Each Score
Percentile by Number Answered
Your Score History
You have not taken this quiz